01678nam a2200361 i 4500001001000000003000900010005001700019007000300036008004100039020001800080040003000098041000800128082002300136100004400159245004800203264009000251300002600341336002700367337003300394338002800427490003700455500005700492586006000549590002600609650003600635650003200671942001400703952015400717952012300871952014100994952016401135999001701299000032585DO-SdBNP20260525190431.0ta110719s2012 dr 000 0 spa d a9789945455762 aDO-SdBNPbspacBNPHUerda aspa 4aRD861.44bG6432231 aGonzález, Milady,eautor4aut.94293410aAbrazada a un árbol /cMilady González. 4aSan Juan, Puerto Rico :aSanto Domingo :aLa Habana :bEditorial Isla Negra,c©2012. a76 páginas ;c22 cm atextobtxt2rdacontent asin mediaciónbn2rdamedia avolumenbnc2rdacarrier1 aColección Josemilio González aIncluye datos biográficos del autor en las solapas aPremio 2012, Miriam Beras porrata : poeta universitaria aInventariado, 2025/BT 72lembaPoes{ia dominicana989738 72lembaLiteratura dominicana 2ddccLBS1 00102ddc51708PDaBNPHUbBNPHUcCTd2011-07-19eDepósito Legall0o BNPHU RD861.44 G643PD p32585-10r2020-06-25w2020-06-25yLBS1ZNo se presta 00102ddc51708PDaBNPHUbBNPHUcCTd2013-03-04l0o BNPHU PD p32585-20r2020-06-25w2020-06-25yLBS1ZNo se presta 00102ddc56708PDaBNPHUbBNPHUcCTd2013-03-04eDepósito Legall0o BNPHU DS p32585-30r2020-06-25w2020-06-25yLBS1ZNo se presta 00102ddc56708DSaBNPHUbBNPHUcCTd2025-10-01eDonado por el Consejo Nacional de Competibidadl0o BNPHU DS p2025-10903r2025-10-01te.4w2025-10-01yLBS1 c32076d32076